00736cam a22002057a 4500003000500000005001700005008004100022010001000063011001000073035001000083040000900093100002800102245017800130260004100308300002200349502007600371650002600447650002100473650003600494CHAP20220329142722.0030131d2002 mx r 00110 spa d a86802 a87774 a98318 cCHAP00aTepale Rojas, Herminio.10aEfecto del Etherel y aceite de soya sobre la floración de durazno (Prunus persica (L.) Batsch) en la comunidad de San Lorenzo Chiautzingo, Pue.c/por Herminio Tepale Rojas aChapingo, Méx. :bEl autor,c2002. a68 h. ;bgráfs. aTesis (Ing. Agr. Esp en Fitotecnia) -- UACH. Departamento de Fitotecnia14aDuraznoxFloración.14aDuraznoxPuebla.14aDuraznoxResistencia al frío.